000 00893nam a22003130a 4500
001 PT46688
003 AR-LpoUNG
005 20210131231135.0
008 191001s2007||||sp |||||||||||||||||spa d
020 _a9788483329481
_c$52
040 _aAR-LpoUNG
_bspa
_cAR-LpoUNG
_eaacr
041 _aspa
_afre
044 _asp
082 0 _aR443 332gra
245 1 0 _aGran diccionario :
_bespañol francés : français espagnol
260 _aBarcelona :
_bLarousse,
_c2007.
300 _axix, 1177 p. :
_bil., gráfs., tbls., fot.
650 4 _aDICCIONARIOS
650 4 _aLENGUA ESPAÑOLA
650 4 _aLENGUA FRANCESA
650 4 _aMATERIAL DE REFERENCIA
650 4 _aTRADUCCION
651 4 _aDOCUMENTOS TEORICOS O METODOLOGICOS
653 _aDICCIONARIOS BILINGÜES
653 _aDICCIONARIOS DE FRANCES
710 2 _aLarousse (firma comercial)
905 _a46688
942 _cLSALA
999 _c8256
_d8256